LEADER 01721nam a2200349 i 4500 001 000000123839 003 CaOOAMICUS 005 20240725105904.0 008 040305s1996 it u000 u mul u 020 $a88-86873-01 040 $aSeMil$bita 100 1 $aTassi, Roberto,$d<1921-1996>.$0(OLS)http://semarc/name/90398 245 10$aChiesa di Santa Margherita detta Chiesa di Dante :$b11. secolo /$cRoberto Tassi, Giovangualberto Ceri ; a cura del Centro Culturale Dantesco. 246 01$aChurch of Dante :$b11th century 260 $aMontespertoli :$bM.I.R. edizioni,$c1996. 264 1$aMontespertoli :$bM.I.R. edizioni,$c1996. 300 $a127 p. :$briccamente ill. ;$c31 cm. 541 0 $aFondo card. C.M. Martini (5L IX 21) 546 $aTesti in italiano, inglese, tedesco e francese 650 4$aFirenze - Chiese - Santa Margherita dei Cerchi.$0(OLS)http://semarc/subject/56032 700 1 $aCentro Culturale Dantesco.$0(OLS)http://semarc/name/51417 700 1 $aCeri, Giovangualberto.$0(OLS)http://semarc/name/51416 850 $aSeMil 852 $aSeMil$W1$xVenegono$y1$m5L IX 21$j78484$B78484$CSeMilBibl$Z2$F80700 $8I 941 1 $a4 961 $aOmaggio: Martini Card. Carlo Maria. -- Con dedica autografa 996 $6020$a88-86873-01$9(OLS)http://semarc/number/109462 996 $6245$aChiesa di Santa Margherita detta Chiesa di Dante :$b11. secolo$9(OLS)http://semarc/title/182130 996 $6246$aChurch of Dante :$b11th century$9(OLS)http://semarc/title/182131 996 $6260$aMontespertoli :$bM.I.R. edizioni$9(OLS)http://semarc/publisher/46289 996 $6264$aMontespertoli :$bM.I.R. edizioni$9(OLS)http://semarc/publisher/46289 LEADER 01305nam a2200289 i 4500 001 000000109608 003 CaOOAMICUS 005 20250123115934.0 008 021127s2002 gw u000 u ger u 013 $a82288 020 $a3-451-26840-X 040 $aSeMil$bita 240 10$aBibbia. Antico Testamento. Lamentazioni.$0(OLS)http://semarc/title/452145 245 10$aKlagelieder /$cübersetzt und ausgelegt von Ulrich Berges. 264 1$aFreiburg ; Basel ; Wien :$bHerder,$c2002. 300 $a312 p. ;$c25 cm. 490 1 $aHerders theologischer Kommentar zum Alten Testament 650 4$aBibbia. Antico Testamento. Lamentazioni - Commentari, studi, critica, interpretazioni.$0(OLS)http://semarc/subject/13557 700 1 $aBerges, Ulrich,$d<1958- >.$0(OLS)http://semarc/name/2585 830 0$aHerders theologischer Kommentar zum Alten Testament.$0(OLS)http://semarc/title/5798 850 $aSeMil 852 $aSeMil$W1$xVenegono$y1$m2YA B 30$j254029$B65583$CSeMilBibl$Z2$F73202 $81 961 $aSottoscrizione: Herder 996 $6020$a3-451-26840-X$9(OLS)http://semarc/number/91044 996 $6245$aKlagelieder$9(OLS)http://semarc/title/159167 996 $6264$aFreiburg ; Basel ; Wien :$bHerder$9(OLS)http://semarc/publisher/29643